000
00338pab a2200145 454500
008
180718b1985 xxu||||| |||| 00| 0 eng d
100
_a
Gupta, D.
245
_a
Bright vistas beyond the hump
260
_c
1985
300
_a
34-5
362
_a
4 Mar.
650
_a
Jute Industry and Trade - India
773
_a
Capital
909
_a
11601
999
_c
11601
_d
11601